000 00536nam a2200181Ia 4500
008 090124s9999 xx 000 0 und d
082 _b44554
100 _aमांडके अलका
245 _a हृदयसंवाद
250 _a1
260 _b"रुचिका प्रकाशन,"
_c2006
300 _a212
600 _aमांडके अलका
630 _a हृदयसंवाद
700 _aमांडके अलका
730 _a हृदयसंवाद
942 _cBOOK
999 _c110766
_d110766